000 01017nam a22002297a 4500
005 20241005100712.0
008 220608b ||||| |||| 00| 0 eng d
040 _cAloy
041 _aTulu
082 _223
_aT894.3
_bKARM
100 _aKarnataka Tulu Sahitya Akademi: ಕರ್ನಾಟಕ ತುಳು ಸಾಹಿತ್ಯ ಅಕಾಡೆಮಿ
_9181504
245 _aMudipperavandi mallige: ಮುಡಿಪ್ಪೆರಾವಂದಿ ಮಲ್ಲಿಗೆ
260 _aMangaluru:
_bKarnataka Tulu Sahitya Akademi,
_c1998
300 _a23p.
_bPB
_c24x18cm.
365 _2Tulu
440 _aTULU SHORT STORIES FOR CHILDREN ಜೋಕ್ಲೆಗಾದ್ ತುಳುಕತೆಕುಲು;19
_941197
650 _aTulu Fiction
_941182
650 _aTulu Literature
_941183
700 _aKARNATAKA TULU SAHITYA AKADEMI: ಕರ್ನಾಟಕ ತುಳು ಸಾಹಿತ್ಯ ಅಕಾಡೆಮಿ
_941184
700 _aಬಾಳೆಪುಣಿ (ಎನ್ ಕೊಯಿರಾ)
_941186
942 _2ddc
_cGF
999 _c223404
_d223404